|
|
|
|
| LEADER |
00000nas a2200000 a 4500 |
| 001 |
ssj0009637 |
| 003 |
WaSeSS |
| 005 |
20200512172242.0 |
| 006 |
m d |
| 007 |
cr n |
| 008 |
980423c19959999enkbr pss 0 a0eng c |
| 010 |
|
|
|a sn 98007635
|
| 016 |
7 |
|
|a 013350764
|2 Uk
|
| 016 |
7 |
|
|a 2004607 8
|2 DE-600
|
| 022 |
|
|
|a 1099-0526
|l 1076-2787
|y 1076-2787
|
| 035 |
|
|
|a (WaSeSS)ssj0009637
|
| 037 |
|
|
|b Wiley Subscription Services, Inc., a Wiley Company, 111 River Street, Hoboken, NJ 07030-5774
|
| 040 |
|
|
|a NSD
|b eng
|c NSD
|d TJC
|d OCLCQ
|d OCL
|d IUL
|d NYP
|d U9S
|d OCLCQ
|d UKMGB
|d OCLCQ
|d DLC
|d VT2
|d OCLCQ
|d OCLCF
|d OCLCQ
|d CASUM
|d NJT
|d DLC
|d SFB
|d WaSeSS
|
| 042 |
|
|
|a nsdp
|a pcc
|
| 050 |
0 |
0 |
|a Q172.5.C45
|
| 050 |
1 |
4 |
|a Q172.5.C45
|b C652
|
| 082 |
1 |
0 |
|a 003
|2 13
|
| 130 |
0 |
|
|a Complexity (Online)
|
| 210 |
0 |
|
|a Complexity
|b (Online)
|
| 222 |
|
0 |
|a Complexity
|b (Online)
|
| 245 |
1 |
0 |
|a Complexity
|h [electronic resource].
|
| 260 |
|
|
|a [New York, N.Y.] :
|b John Wiley & Sons
|
| 260 |
3 |
|
|3 <2019-> :
|a [London] :
|b Wiley - Hindawi Partnership
|
| 310 |
|
|
|a Bimonthly
|
| 362 |
1 |
|
|a Print began with vol. 1, no. 1; published: 1995.
|
| 500 |
|
|
|a Published: [New York, N.Y.] : John Wiley & Sons, Inc., 1995- ; published: [Hoboken, N.J.] : Wiley Periodicals, Inc., <2005->
|
| 506 |
|
|
|a License restrictions may limit access.
|
| 538 |
|
|
|a Mode of access: World Wide Web.
|
| 588 |
|
|
|a Description based on: Vol. 2, issue 1 (Sept./Oct. 1996); title from table of contents screen (Wiley InterScience; viewed: 10/4/2006).
|
| 588 |
|
|
|a Latest issue consulted: Vol. 2019 (2019) (Hindawi website, viewed July 25, 2019).
|
| 650 |
|
0 |
|a Chaotic behavior in systems
|v Periodicals.
|
| 650 |
|
0 |
|a Complexity (Philosophy)
|v Periodicals.
|
| 650 |
|
6 |
|a Chaos
|x Périodiques.
|
| 650 |
|
6 |
|a Complexité (Philosophie)
|v Périodiques.
|
| 650 |
|
7 |
|a Chaotic behavior in systems.
|2 fast
|0 (OCoLC)fst00852171
|
| 650 |
|
7 |
|a Complexity (Philosophy)
|2 fast
|0 (OCoLC)fst00871602
|
| 653 |
|
|
|a Chaotic behavior in systems
|
| 655 |
|
0 |
|a Electronic journals.
|
| 776 |
1 |
|
|t Complexity
|x 1076-2787
|w (DLC) 95641033
|w (OCoLC)30446118
|
| 850 |
|
|
|a DLC
|
| 853 |
2 |
0 |
|8 1
|a v.
|b issue
|u 6
|v r
|i (year)
|j (month/month)
|w b
|x 09/10
|
| 856 |
4 |
0 |
|z Full text available from Research Library: 05/01/2012 to present
|u https://search.proquest.com/publication/2029978
|
| 863 |
4 |
1 |
|8 1.1
|a <2>
|b <1>
|i <1996>
|j <09/10>
|